Es real la realidad?: confusión - desinformación - comunicación

Spremljeno u:
Bibliografski detalji
Glavni autor: Watzlawick, Paul (Autor)
Format: Knjiga
Jezik:španjolski
Izdano: Barcelona Herder S. L 2003
Izdanje:8a. ed
Teme:
Oznake: Dodaj oznaku
Bez oznaka, Budi prvi tko označuje ovaj zapis!

MARC

LEADER 00000cam a2200000 a 4500
001 UCC5858
003 CL-VaPUC
008 181031e20030000sp |||||||||||||||||spa|d
020 |a 8425423260 
082 0 4 |a 111.8  |b WAT  |2 21 
100 0 |a Watzlawick, Paul  |e author  |9 600265 
245 1 0 |a Es real la realidad?: confusión - desinformación - comunicación 
250 |a 8a. ed 
300 |a 272 p 
942 |c BK 
945 |d 20181031 17:21:00  |a dcastane 
260 |a Barcelona  |b Herder S. L  |c 2003 
650 0 |a Realidad   |9 266551 
650 0 |a Realidad social   |9 499221 
650 0 |a Comunicación   |9 257251 
650 0 |a Aspectos psicológicos  |9 258128 
583 |a last modification  |c 20181031 17:21:00  |k Rodrigo Vera 
999 |c 372967  |d 372965 
952 |0 0  |1 0  |3 erb  |4 0  |6 111_800000000000000_WAT_2003  |7 0  |8 A  |9 490859  |a BIBCUR  |b BIBCUR  |i 5511259  |l 4  |o 111.8 WAT 2003  |p 5511259  |r 2025-04-22  |s 2024-11-13  |w 2019-11-24  |y BK  |z Catalogado en:20181031  |k PER